Munshi Premchand/ (Record no. 18395)

MARC details
000 -LEADER
fixed length control field 00693cam a22002531 4500
001 - CONTROL NUMBER
control field 8457932
003 - CONTROL NUMBER IDENTIFIER
control field BDDh-ASL
005 - DATE AND TIME OF LATEST TRANSACTION
control field 20231015025715.0
008 - FIXED-LENGTH DATA ELEMENTS--GENERAL INFORMATION
fixed length control field 720602s1964 ii ac 001 0beng
010 ## - LIBRARY OF CONGRESS CONTROL NUMBER
LC control number sa 65000467
035 ## - SYSTEM CONTROL NUMBER
System control number (OCoLC)322975
040 ## - CATALOGING SOURCE
Original cataloging agency DLC
Transcribing agency ODaWU
Modifying agency BDDh-ASL
-- DLC
042 ## - AUTHENTICATION CODE
Authentication code premarc
050 00 - LIBRARY OF CONGRESS CALL NUMBER
Classification number PK2097.S7
Item number Z69 1964
082 ## - DEWEY DECIMAL CLASSIFICATION NUMBER
Classification number 809.2
Item number GOM
100 1# - MAIN ENTRY--PERSONAL NAME
Personal name Gopal, Madan.
245 10 - TITLE STATEMENT
Title Munshi Premchand/
Statement of responsibility, etc. by Madan Gopal.
260 ## - PUBLICATION, DISTRIBUTION, ETC.
Place of publication, distribution, etc. Bombay:
Name of publisher, distributor, etc. Asia Pub. House,
Date of publication, distribution, etc. 1964.
300 ## - PHYSICAL DESCRIPTION
Extent xvi, 462 p. :
Dimensions 22 cm.
500 ## - GENERAL NOTE
General note Includes index.
600 00 - SUBJECT ADDED ENTRY--PERSONAL NAME
Personal name Premacanda,
Dates associated with a name 1881-1936.
906 ## - LOCAL DATA ELEMENT F, LDF (RLIN)
a 7
b cbc
c oclcrpl
d u
e ncip
f 19
g y-gencatlg
942 ## - ADDED ENTRY ELEMENTS (KOHA)
Source of classification or shelving scheme Dewey Decimal Classification
Koha item type Books
Holdings
Withdrawn status Lost status Source of classification or shelving scheme Damaged status Not for loan Collection code Home library Current library Shelving location Date acquired Source of acquisition Total Checkouts Full call number Barcode Date last seen Copy number Price effective from Koha item type Public note
    Dewey Decimal Classification   Not For Loan Non-fiction Asiatic Society Library Asiatic Society Library Harrison Collection 09/29/2020 Donated by Prof. John B. Harrison   809.2 GOM 101581 09/29/2020 C-1 09/29/2020 Books RARE

Powered by Koha